000 00808nab a2200253 u 4500
001 11124
003 HDC
007 cr bn ---aaaaa
008 210206c9999 |r|noo 0 a ind d
040 _aHDC
110 _aTempo.co
245 0 _aPariwisata halal melonjak di Turki
260 _a[no place] :
_b[publisher not identified],
_c[no year]
336 _atext
_2rdacontent
337 _acomputer
_2rdamedia
338 _aonline resource
_2rdacarrier
650 _ahalal hotel
_zTurkey
_911351
650 _ahotel industry
_95315
650 _aIslamic hotel
_94550
856 _zRequest full-text at [email protected]
942 _2lcc
942 _cNEWS
942 _kNWSO 001259
999 _c8447
_d8447